Statistieken voor Topologische Kaart van de Verenigde Staten

Klik hier om de quiz te nemen!

Algemene statistieken

  • Deze quiz is 577 keer genomen
  • De gemiddelde score is 25 van 48

Antwoorden op de kaart

Antwoorden kleurgecodeerd door een groen-rode schaal op de quizkaart volgens % correct hieronder.
 

Antwoordstatistieken

Antwoord% Correct
Maine
70%
Californië
69%
Washington
68%
Oregon
62%
Vermont
61%
Arizona
60%
New York
60%
Texas
60%
Florida
58%
New Mexico
58%
Nevada
57%
New Hampshire
57%
Alabama
56%
Rhode Island
56%
Connecticut
55%
Pennsylvania
55%
Idaho
54%
Massachusetts
53%
Montana
53%
North Dakota
53%
South Dakota
53%
Utah
53%
Colorado
52%
Louisiana
52%
Mississippi
52%
New Jersey
51%
North Carolina
51%
Virginia
51%
Georgia
50%
Maryland
50%
Michigan
50%
Wyoming
50%
Delaware
49%
Minnesota
49%
Ohio
49%
Illinois
48%
Tennessee
48%
Arkansas
47%
Indiana
47%
Kansas
47%
Kentucky
47%
Oklahoma
47%
South Carolina
47%
Missouri
45%
Nebraska
45%
West Virginia
44%
Wisconsin
44%
Iowa
43%

Scoreverdeling

Percentiel versus Aantal Correcte Antwoorden

Procent van Mensen met Elke Score

Uw Scoregeschiedenis

U heeft deze quiz nog niet genomen